000 00650cam a22002291 4500
001 20021
003 CZ PrNK
005 20260114130900.0
007 ta
008 020326s1978 xo a 000 0 slo
040 _aABA001
_bcze
_cABA001
_dABA001
100 1 _aKollárik, František
_4aut
245 1 0 _aMalá Fatra /
_cFrantišek Kollárik, Štefan Marton a Eugen Weiner
250 _a2. vyd.
260 _aMartin :
_bOsveta,
_c1978
300 _a1 sv. (nestr.) :
_bil. ;
_c
500 _aVolné cizojazyčné souhrny
700 1 _aMarton, Štefan
_4aut
700 1 _aWeiner, Eugen,
_d1909-1974
_4aut
910 _aABA001
942 _2ddc
_cOLDO
_n0
999 _c20021
_d20021